| 000 | 01201nac a22003371i 4500 | ||
|---|---|---|---|
| 003 | EG-ScBUE | ||
| 005 | 20231004104623.0 | ||
| 006 | m||||fq||h 00| 0 | ||
| 008 | 231004t2006 njuab f b 001 0 eng d | ||
| 020 | _a0131926233 | ||
| 020 | _a9780131926233 | ||
| 040 |
_aEG-ScBUE _beng _erda _cEG-ScBUE _dEG-ScBUE |
||
| 082 | 0 | 4 |
_a909 _bHER _222 |
| 245 | 0 | 4 |
_aThe heritage of world civilizations / _cAlbert M. Craig [and four others] |
| 250 | _aSeven edition. | ||
| 264 | 1 |
_aUpper Saddle River, New Jersey : _bPearson Education Inc., _c[2006] |
|
| 264 | 4 | _cc2006 | |
| 300 |
_axxxi, 1056, [63] pages : _billustrations (some color), color maps ; _c28 cm + _e1 CD |
||
| 336 |
_2rdacontent _asounds _bsnd |
||
| 336 |
_2rdacontent _atext _btxt |
||
| 337 |
_2rdamedia _aaudio _bs |
||
| 337 |
_2rdamedia _aunmediated _bn |
||
| 338 |
_2rdacarrier _acomputer disc _bcd |
||
| 338 |
_2rdacarrier _avolume _bnc |
||
| 504 | _aIncludes bibliographical references and index. | ||
| 538 | _aSystem requirements for accompanying computer disc: Windows, Macintosh. | ||
| 650 | 7 |
_aCivilization _xHistory _vTextbooks. _2BUEsh |
|
| 655 | _vReading book | ||
| 700 | 1 |
_aCraig, Albert M., _eauthor. |
|
| 942 |
_cBB _2ddc |
||
| 999 |
_c8062 _d8062 |
||